[Event "Wch U10 blitz"]
[Site "Batumi"]
[Date "2023.06.10"]
[Round "1"]
[White "Batyrov, Alihan"]
[Black "Babayev, Kamran"]
[Result "0-1"]
[WhiteElo "1707"]
[BlackElo "1207"]
[PlyCount "134"]
[EventDate "2023.06.10"]
[EventType "swiss (blitz)"]
[EventRounds "11"]
[EventCountry "GEO"]
[SourceTitle "EXT 2024"]
[Source "ChessBase"]
[SourceDate "2023.10.10"]
[SourceVersion "1"]
[SourceVersionDate "2023.10.10"]
[SourceQuality "1"]
[WhiteTeam "Turkmenistan"]
[BlackTeam "Azerbaijan"]
[WhiteTeamCountry "TKM"]
[BlackTeamCountry "AZE"]

1. e4 e6 2. d4 d5 3. exd5 exd5 4. Bd3 Nf6 5. Nc3 Bd6 6. Nb5 c6 7. Nxd6+ Qxd6 8. Ne2 Bg4 9. 0-0 0-0 10. f3 Bh5 11. Bf4 Qe7 12. Qd2 Nbd7 13. Rae1 Bg6 14. Ng3 Qd8 15. Nf5 Bxf5 16. Bxf5 Qb6 17. c3 Rfe8 18. Bb1 h6 19. Be5 Nxe5 20. Kh1 Nc4 21. Qd3 Qxb2 22. Bc2 Qb6 23. a4 Qc7 24. g3 Re7 25. Rxe7 Qxe7 26. Bb3 b5 27. axb5 cxb5 28. Bc2 Re8 29. Bb1 Qe2 30. Qxe2 Rxe2 31. Bd3 Re3 32. Bb1 Rxc3 33. Re1 g6 34. Kg2 Re3 35. Rc1 a5 36. Kf2 Ra3 37. Re1 Kg7 38. Re7 Rb3 39. Re1 Rb2+ 40. Kg1 a4 41. Bd3 a3 42. Ra1 a2 43. h4 b4 44. Kf1 b3 45. Ke1 Ne3 46. f4 Nc2+ 47. Bxc2 bxc2 48. Kd2 Rb1 49. Kxc2 Rxa1 50. Kb2 Rg1 51. Kxa2 Rxg3 52. Kb2 Ne4 53. Kc2 Kf6 54. h5 gxh5 55. f5 Kxf5 56. Kd1 Rg2 57. Ke1 Ra2 58. Kd1 Kf4 59. Ke1 Ke3 60. Kd1 Re2 61. Kc1 Rd2 62. Kb1 Kd3 63. Kc1 Kc3 64. Kb1 Rc2 65. Ka1 Kb3 66. Kb1 Rc8 67. Ka1 Rc1# 0-1

[Event "Wch U10 rapid"]
[Site "Batumi"]
[Date "2023.06.08"]
[Round "11"]
[White "Batyrov, Alihan"]
[Black "Maghlakelidze, Nikoloz"]
[Result "1-0"]
[WhiteElo "1733"]
[BlackElo "1180"]
[PlyCount "61"]
[EventDate "2023.06.06"]
[EventType "swiss (rapid)"]
[EventRounds "11"]
[EventCountry "GEO"]
[SourceTitle "EXT 2024"]
[Source "ChessBase"]
[SourceDate "2023.10.10"]
[SourceVersion "1"]
[SourceVersionDate "2023.10.10"]
[SourceQuality "1"]
[WhiteTeam "Turkmenistan"]
[BlackTeam "Georgia"]
[WhiteTeamCountry "TKM"]
[BlackTeamCountry "GEO"]

1. e4 c5 2. Nf3 Nc6 3. d4 cxd4 4. Nxd4 g6 5. c4 Bg7 6. Be3 Nf6 7. Nc3 0-0 8. f3 a6 9. Qd2 d6 10. 0-0-0 Qc7 11. g4 Ne5 12. h4 h5 13. gxh5 Nxh5 14. Bh6 Nxc4 15. Bxc4 Qxc4 16. Bxg7 Kxg7 17. Rdg1 e5 18. Nc2 Qc5 19. Qg5 Rh8 20. Nd5 Be6 21. Nc3 Rac8 22. Kb1 b5 23. a3 a5 24. Ne3 b4 25. axb4 axb4 26. Ncd5 Bxd5 27. exd5 b3 28. Rc1 Qa5 29. Nf5+ Kh7 30. Qh6+ Kg8 31. Ne7# 1-0